Exploring Karnataka (Record no. 3103)

MARC details
000 -LEADER
fixed length control field 00334nam a2200133Ia 4500
008 - FIXED-LENGTH DATA ELEMENTS--GENERAL INFORMATION
fixed length control field 230525s9999 xx 000 0 und d
082 ## - DEWEY DECIMAL CLASSIFICATION NUMBER
Classification number 915.487
Item number KARE
100 ## - MAIN ENTRY--PERSONAL NAME
Personal name KARTANAKA,Government
245 #0 - TITLE STATEMENT
Title Exploring Karnataka
260 ## - PUBLICATION, DISTRIBUTION, ETC.
Place of publication, distribution, etc. Benglore
Name of publisher, distributor, etc. Govt. Of Karnataka
Date of publication, distribution, etc. 1988
300 ## - PHYSICAL DESCRIPTION
Extent 184
650 ## - SUBJECT ADDED ENTRY--TOPICAL TERM
Topical term or geographic name entry element Geography/Travel
942 ## - ADDED ENTRY ELEMENTS (KOHA)
Koha item type Book
Holdings
Withdrawn status Lost status Damaged status Not for loan Home library Current library Date acquired Source of acquisition Total Checkouts Full call number Barcode Date last seen Price effective from Koha item type
        RIC Library RIC Library 05/25/2023 HCM RIPA   915.487 KALM 002413 05/25/2023 05/25/2023 Book

Venue

Rajasthan International Centre
Sansthan Path,JLN Marg, Jaipur- 302017
Phone: +91-7230904025